[Event "BCF-chT2b 1819 (4NCL)"]
[Site "England"]
[Date "2018.11.10"]
[Round "1.68"]
[White "Kirupakaran, Vishnu"]
[Black "Stimpson, Philip M"]
[Result "1-0"]
[WhiteElo "1742"]
[BlackElo "1919"]
[PlyCount "137"]
[EventDate "2018.11.10"]
[EventType "team-tourn"]
[EventRounds "11"]
[EventCountry "ENG"]
[SourceTitle "EXT 2021"]
[Source "ChessBase"]
[SourceDate "2020.10.23"]
[SourceVersion "1"]
[SourceVersionDate "2020.10.23"]
[SourceQuality "1"]
[WhiteTeam "Cambridge University"]
[BlackTeam "Guildford III"]
[WhiteTeamCountry "ENG"]
[BlackTeamCountry "ENG"]

1. e4 d5 2. exd5 Nf6 3. d4 Bg4 4. f3 Bf5 5. g4 Bg6 6. c4 e6 7. g5 Nh5 8. Nc3 Be7 9. Nh3 0-0 10. Bd3 c5 11. Bxg6 hxg6 12. dxc5 Bxc5 13. dxe6 Qe7 14. Qe2 Nc6 15. Nd5 Qxe6 16. Qxe6 fxe6 17. Nc7 Rac8 18. Nb5 Rxf3 19. Ng1 Bb4+ 20. Ke2 Rf5 21. Nf3 Rcf8 22. Nbd4 Nxd4+ 23. Nxd4 Rf2+ 24. Kd3 e5 25. Ne6 R8f7 26. a3 Bd6 27. b4 Re7 28. Be3 Rf3 29. Nc5 Bxc5 30. bxc5 Rf5 31. Ke4 Nf4 32. Rhf1 Ng2 33. Bd2 Ref7 34. Rxf5 Rxf5 35. Rb1 Rf7 36. Kxe5 Nh4 37. Ke4 Rc7 38. Be3 Re7+ 39. Kd3 Ng2 40. Bd2 Nh4 41. Bf4 Nf5 42. a4 Kf7 43. a5 Rd7+ 44. Kc3 a6 45. Rb6 Ne7 46. Rd6 Rxd6 47. cxd6 Nc6 48. c5 Ke6 49. Be3 Nxa5 50. Bd4 Nc6 51. Bxg7 Kd5 52. Bf6 Kxc5 53. d7 Kd5 54. d8Q+ Nxd8 55. Bxd8 Ke4 56. Kb4 Kf5 57. Ka5 b5 58. Be7 Kg4 59. Kxa6 b4 60. Bxb4 Kxg5 61. Bd6 Kf5 62. Kb5 Ke4 63. Kc5 g5 64. Bg3 Kf5 65. Kd5 Kg4 66. Ke5 Kh5 67. Kf5 Kh6 68. h3 Kh5 69. Bf2 1-0